| 000 | 01027cam a22002771 4500 | ||
|---|---|---|---|
| 001 | gs 25000139 | ||
| 003 | DLC | ||
| 005 | 20260227111329.0 | ||
| 008 | 770317s1925 dcuabf b f000 0 eng c | ||
| 010 | _ags 25000139 | ||
| 040 |
_aU.S. Geol. survey. Libr. (200)E no. 772 _cak _dDLC |
||
| 043 | _an-us-ak | ||
| 050 | 0 | 0 |
_aQE75 _b.B9 no. 772 |
| 051 |
_aQE84.P6 _bP3 _cCopy 2. |
||
| 100 | 1 |
_aPaige, Sidney, _d1880- |
|
| 245 | 1 | 2 |
_aA reconnaissance of the Point Barrow region, Alaska, _cby Sidney Paige, W. T. Foran, and James Gilluly. |
| 260 |
_aWashington, _bGovt. print. off., _c1925. |
||
| 300 |
_av, 33 p. _billus., IX pl. (incl. fold. map, fold. diagr.) tables. _c23 cm. |
||
| 490 | 0 | _aUnited States. Geological survey. Bulletin 772 | |
| 500 | _aMap folded in pocket. | ||
| 504 | _aBibliographical references. | ||
| 650 | 0 |
_aGeology _zAlaska _zBarrow, Point. |
|
| 700 | 1 |
_aForan, W. T. _q(William T.), _d1893- |
|
| 700 | 1 |
_aGilluly, James, _d1896-1980. |
|
| 740 | 0 | _aPoint Barrow region, Alaska, A reconnaissance of the. | |
| 999 |
_c26382 _d26382 |
||